000 00290nam a22001337a 4500
008 170719b xxu||||| |||| 00| 0 eng d
020 _a0060601515
041 _aeng
080 _a2
100 _a24
101 _aTEO
245 _aYOUR MONEY OR YOUR LIFE
_cALEXANDER, J
942 _2udc
_cBK
999 _c21599
_d21599